Sales managemnt

Wedi'i Gadw mewn:
Manylion Llyfryddiaeth
Prif Awdur: Dalrymple, Douglas J.
Fformat: Llyfr
Iaith:Undetermined
Cyhoeddwyd: New York John Wiley and Sons, Inc. 2004
Pynciau:
Tagiau: Ychwanegu Tag
Dim Tagiau, Byddwch y cyntaf i dagio'r cofnod hwn!
Thư viện lưu trữ: Trung tâm Học liệu Trường Đại học Cần Thơ
LEADER 00521nam a2200193Ia 4500
001 CTU_93927
008 210402s9999 xx 000 0 und d
020 |c 113.44 
082 |a 658.8 
082 |b D151 
100 |a Dalrymple, Douglas J. 
245 0 |a Sales managemnt 
245 0 |c Douglas J. Dalrymple 
260 |a New York 
260 |b John Wiley and Sons, Inc. 
260 |c 2004 
650 |a Sales management,Sales management 
904 |i Tuyến 
980 |a Trung tâm Học liệu Trường Đại học Cần Thơ